000 00208 a2200097 4500
001 3894
100 _aLangford-smith, F
245 _aRadio designers hand book
260 _a
_bIliffe
_c
090 _c3124
_d3124
942 _aNUST-CAE
_cM
_c23603
999 _c238967
_d238967